| 000 | 01875 a2200385 4500 | ||
|---|---|---|---|
| 001 | 24195 | ||
| 005 | 20260407155526.0 | ||
| 008 | 260407a2013 arg spa d | ||
| 003 | AR-UNSa-BCEJYS | ||
| 040 |
_aAR-UNSa-BCEJYS _bspa _cAR-UNSa-BCEJYS |
||
| 080 |
_a657.47 _xContabilidad de Costos |
||
| 245 | 1 | 0 |
_aCostos y gestión _pUna mirada panorámica sobre el tema en Latinoamérica y España |
| 020 | _a978-987-716-002-4 | ||
| 264 | 1 |
_aBuenos Aires : _bOsmar D. Buyatti _c2013 |
|
| 300 |
_a495 p. _c22 cm. |
||
| 505 | _a1. Marco teórico de la contabilidad de costos - 2. La comprensión de los costos en las organizaciones desde la perspectiva cualitativa - 3. Distintos criterios de clasificación de los costos y su utilidad para la gestión - 4. Decisiones frente a limitaciones en la capacidad de producción - 5. Evitabilidad: un concepto frecuentemente olvidado en los análisis de costos - 6. El método de costeo por absorción y su papel en la formación de los precios - 7. Método de la unidad de esfuerzo de producción - 8. Indicadores y cuadros de mando - 9. La contabilidad de costes en las administraciones públicas: perspectiva española | ||
| 041 | _aspa | ||
| 942 | _cBK | ||
| 590 | _aniveau_biblio:m niveau_hierar:0 | ||
| 100 | 1 | _aYardin, Amaro Ramón | |
| 700 | 1 | _aAsuaga Taran, Carolina | |
| 700 | 1 | _aBacic, Miguel Juan | |
| 700 | 1 | _aBornia, Antonio Cézar | |
| 700 | 1 | _aBuendía Carrillo, Dionisio | |
| 700 | 1 | _aCarrasco Díaz, Daniel | |
| 700 | 1 | _aGuerreiro, Reinaldo | |
| 700 | 1 | _aKaplan, Alfredo | |
| 700 | 1 | _aLaporta, Ricardo | |
| 700 | 1 | _aMallo Rodriguez, Carlos | |
| 700 | 1 | _aLéon Mesías, Jaime | |
| 700 | 1 | _aSánchez Toledano, Daniel | |
| 700 | 1 | _aToro, María Luisa | |
| 700 | 1 | _aVaras, Humberto | |
| 856 | 4 | 1 |
_uhttps://biblioeco.unsa.edu.ar/pmb/images/libros/Costos y Gesti?n.jpg _yImagen de portada _qimage/jpeg |
| 999 |
_c1162 _d1162 |
||